| 000 | 00413nam a2200181Ia 4500 | ||
|---|---|---|---|
| 005 | 20250603145747.0 | ||
| 008 | 250603s9999 xx 000 0 und d | ||
| 020 | _a0-13-111837-4 | ||
| 050 | _aTG 147 .O56/ | ||
| 100 | _aOnouye, Barry | ||
| 245 | 0 | _aStatics and strength of material | |
| 260 | _aNew Delhi | ||
| 260 | _bPearson | ||
| 260 | _c2005 | ||
| 300 | _a465 p | ||
| 650 | _aNew Delhi | ||
| 942 | _cBK | ||
| 999 |
_c42773 _d42773 |
||